Sistemas de transmisión de energía eléctrica

Збережено в:
Бібліографічні деталі
Автор: Eaton, J. Robert (Автор)
Формат: Книга
Мова:Іспанська
Опубліковано: Bogotá Prentice-Hall Internacional 1973
Предмети:
Теги: Додати тег
Немає тегів, Будьте першим, хто поставить тег для цього запису!

MARC

LEADER 00000nam a2200000 a 4500
001 UCU5034
003 CL-VaPUC
008 960531e19730000CK |||||||||||||||||spa|d
082 0 4 |a 621.85  |b EAT  |2 21 
100 0 |a Eaton, J. Robert  |e author  |9 362888 
245 1 0 |a Sistemas de transmisión de energía eléctrica 
300 |a 344 p 
942 |c BK 
945 |d 19960531 00:00:00  |a cmena 
260 |a Bogotá  |b Prentice-Hall Internacional  |c 1973 
650 0 |a Electricidad  |9 260222 
650 7 |a TECNOLOGIA ELECTRICA  |2 CL-VaPUC  |9 336952 
650 7 |a TRANSPORTE DE ENERGIA ELECTRICA  |2 CL-VaPUC  |9 359786 
650 7 |a CAMPOS ELECTRICOS  |2 CL-VaPUC  |9 362889 
650 0 |a Circuitos eléctricos   |9 260262 
650 7 |a POTENCIA ELECTRICA  |2 CL-VaPUC  |9 345463 
650 7 |a CARGA DE LAS REDES ELECTRICAS  |2 CL-VaPUC  |9 362890 
583 |a last modification  |c 19960531 00:00:00  |k Rodrigo Vera 
999 |c 248546  |d 248544 
952 |0 0  |1 0  |4 0  |6 621_850000000000000_EAT_1973  |7 0  |8 A  |9 265235  |a BIBING  |b BIBING  |d 2019-11-19  |i 166896K  |o 621.85 EAT 1973  |p 166896K  |r 2025-01-20  |w 2019-11-19  |y BK  |k EIE